000 00500nam a2200193Ia 4500
008 220216s9999 xx 000 0 und d
100 _aMathew N M
245 0 _aEmerging challenges and opportunities in NR technology
260 _bRubber Science
_c2012
300 _a241-252
650 _aChemical modification
650 _aPrimary processing
650 _aProtein allergy
650 _aREACH
650 _aReclamation
650 _aRetreading
650 _aRubber industry
942 _cJS
999 _c58566
_d58566